Introduction to integrated pest management (Record no. 36409)

MARC details
000 -LEADER
fixed length control field 00413nam a2200157Ia 4500
082 ## - DEWEY DECIMAL CLASSIFICATION NUMBER
Classification number 632.9
Item number FLI
100 ## - MAIN ENTRY--AUTHOR NAME
Personal name FLINTS, Marty Louise
245 #0 - TITLE STATEMENT
Title Introduction to integrated pest management
260 ## - PUBLICATION, DISTRIBUTION, ETC. (IMPRINT)
Place of publication New York
Name of publisher Plenum
Year of publication 1981
650 ## - SUBJECT ADDED ENTRY--TOPICAL TERM
Topical Term Fungicides
650 ## - SUBJECT ADDED ENTRY--TOPICAL TERM
Topical Term Insecticides
650 ## - SUBJECT ADDED ENTRY--TOPICAL TERM
Topical Term Pest control
700 ## - ADDED ENTRY--PERSONAL NAME
Personal name VAN DEN BOSCH, Robert
942 ## - ADDED ENTRY ELEMENTS (KOHA)
Koha item type Books
Holdings
Withdrawn status Lost status Damaged status Not for loan Home library Current library Date acquired Full call number Accession Number Koha item type
        RRII Library RRII Library 16/12/2021 632.9 FLI 16815 Books